Guess the Beyoncé song by synonym - Statistics

General Stats
  • This quiz has been taken 236 times
  • The average score is 7 of 10
Answer Stats
Hint Answer % Correct
Insane With Love Crazy In Love
93%
Crack My Spirit BREAK MY SOUL
85%
Mobile Device (not her own song, shes featured in it) Telephone
82%
Comfy COZY
81%
Unwed Women Single Ladies
77%
My Home MY HOUSE
75%
Warmed HEATED
71%
Fully Atop Within Your Brain ALL UP IN YOUR MIND
47%
Circle Of Light Halo
43%
Power ENERGY
20%
No matching quizzes found
Score Distribution
Percent of People with Each Score
Percentile by Number Answered
Your Score History
You have not taken this quiz